000 01956nam a2200577 i 4500
001 35620
003 KOSZ 005
005 20240405063109.0
008 230811s1993 pl a g 001 0 pol
015 _aUWD 1996/11527
020 _a8385233644
035 _a991004258589705066
035 _a(PL-WaBN)b11127971-48omnis_nlop
035 _ab11127971
035 _a(OCoLC)749580656
035 _azz2003971616
035 _a(PL)b0000001112797
035 _a(EXLNZ-48OMNIS_NETWORK)9910430198805606
040 _aWA N
_cWA N
_dKOSZ 005/RW
045 _bd1939
_bd1945
046 _k1993
080 _a94(438).082
080 _a94(438).082.218
080 _a355.4(438)
100 1 _aKownacki, Andrzej
_d(1897-1980)
_eAutor
245 1 0 _aJak powstało i walczyło Zgrupowanie "Chrobry II" /
_cAndrzej Kownacki "Jerzewski".
250 _aWydanie I.
260 _aWarszawa :
_bnakładem Danuty Kownackiej :
_bFundacja "Myśl",
_c1993.
300 _a146, [1] stron, [1] karta planów :
_bplan, portret ;
_c21 cm.
336 _aTekst
_btxt
_2rdacontent
337 _aBez urządzenia pośredniczącego
_bn
_2rdamedia
338 _aWolumin
_bnc
_2rdacarrier
380 _aKsiążki
380 _aLiteratura faktu, eseje, publicystyka
388 1 _a1901-2000
388 1 _a1989-2000
500 _aAndrzej Kownacki [nazwa] "Jerzewski" [pseudonim].
504 _aIndeks.
610 2 7 _aZgrupowanie "Chrobry II" (Armia Krajowa)
_2DBN
648 7 _a1901-2000
648 7 _a1939-1945
650 7 _aII wojna światowa (1939-1945)
_2DBN
650 7 _aPowstanie warszawskie (1944)
_2DBN
651 7 _aWarszawa (woj. mazowieckie)
655 7 _aOpracowanie
658 _aBezpieczeństwo i wojskowość
658 _aHistoria
856 _uhttp://koha.tu.koszalin.pl/cgi-bin/koha/opac-detail.pl?biblionumber=35620
_yKatalog online BPK
942 _2UKD
_cKS
999 _c35620
_d35620